[Event "Heusenstamm Sparkassen op-A 2nd"]
[Site "Heusenstamm"]
[Date "2015.11.29"]
[Round "7"]
[White "Libuda, Thomas"]
[Black "Lasschuit, Rene"]
[Result "0-1"]
[WhiteElo "1846"]
[BlackElo "1726"]
[PlyCount "70"]
[EventDate "2015.11.26"]
[EventType "swiss"]
[EventRounds "7"]
[EventCountry "GER"]
[SourceTitle "EXT 2018"]
[Source "ChessBase"]
[SourceDate "2017.10.13"]
[SourceVersion "1"]
[SourceVersionDate "2017.10.13"]
[SourceQuality "1"]

1. d4 Nf6 2. Nf3 d5 3. e3 g6 4. Bd3 Bg7 5. Nbd2 0-0 6. 0-0 c5 7. c3 Nc6 8. Qe2 Qc7 9. dxc5 Nd7 10. Nb3 Nce5 11. e4 Nxd3 12. Qxd3 dxe4 13. Qxe4 Nxc5 14. Nxc5 Qxc5 15. Be3 Qc7 16. Rfd1 Bf5 17. Qa4 a6 18. g4 b5 19. Qf4 Qxf4 20. Bxf4 Bxg4 21. Rd3 Bxf3 22. Rxf3 Rfd8 23. Re1 e6 24. Kf1 Rd5 25. b3 Rc8 26. Rc1 e5 27. Be3 e4 28. Rh3 Rxc3 29. Ke2 Rxc1 30. Bxc1 Rc5 31. Kd1 f5 32. Bd2 h5 33. Bg5 Kf7 34. f3 Rc3 35. Bd2 Rxf3 0-1

[Event "Heusenstamm Sparkassen op-A 2nd"]
[Site "Heusenstamm"]
[Date "2015.11.26"]
[Round "1"]
[White "Libuda, Thomas"]
[Black "Henrich, Thomas"]
[Result "0-1"]
[WhiteElo "1846"]
[BlackElo "2192"]
[PlyCount "54"]
[EventDate "2015.11.26"]
[EventType "swiss"]
[EventRounds "7"]
[EventCountry "GER"]
[SourceTitle "EXT 2018"]
[Source "ChessBase"]
[SourceDate "2017.10.13"]
[SourceVersion "1"]
[SourceVersionDate "2017.10.13"]
[SourceQuality "1"]

1. d4 Nf6 2. Nf3 c5 3. e3 g6 4. Bd3 Bg7 5. Nbd2 cxd4 6. exd4 0-0 7. 0-0 b6 8. Re1 Bb7 9. Qe2 Re8 10. c3 Nc6 11. Ne4 Nxe4 12. Qxe4 e5 13. Bg5 f6 14. Qd5+ Kh8 15. Bh4 Na5 16. Qb5 Bc6 17. Nxe5 fxe5 18. Qxc6 Nxc6 19. Bxd8 Raxd8 20. dxe5 Rxe5 21. f4 Rd5 22. Re3 b5 23. Rae1 Bf8 24. Kf1 Kg7 25. c4 bxc4 26. Bxc4 Rd4 27. b3 Rxf4+ 0-1

[Event "Heusenstamm Schloss op 1st"]
[Site "Heusenstamm"]
[Date "2014.11.23"]
[Round "7"]
[White "Libuda, Thomas"]
[Black "Muegendt, Brian Christopher"]
[Result "0-1"]
[WhiteElo "1924"]
[BlackElo "1622"]
[PlyCount "38"]
[EventDate "2014.11.20"]
[EventType "swiss"]
[EventRounds "7"]
[EventCountry "GER"]
[SourceTitle "CBM 163 Extra"]
[Source "ChessBase"]
[SourceDate "2014.12.23"]
[SourceVersion "1"]
[SourceVersionDate "2014.12.23"]
[SourceQuality "1"]

1. d4 Nf6 2. Nf3 g6 3. e3 d6 4. Be2 Bg7 5. c4 0-0 6. 0-0 Nbd7 7. Nc3 e5 8. dxe5 Nxe5 9. Qc2 Bf5 10. Qb3 Ne4 11. Nxe4 Bxe4 12. Nd2 Bc6 13. Qc2 Qg5 14. e4 Ng4 15. h3 Ne3 16. fxe3 Qxe3+ 17. Kh1 Qxe2 18. a4 f5 19. exf5 Qxg2# 0-1

[Event "Karl Mala Memorial op-B 17th"]
[Site "Frankfurt"]
[Date "2014.08.02"]
[Round "5"]
[White "Libuda, Thomas"]
[Black "Bethke, Robert"]
[Result "1-0"]
[WhiteElo "1937"]
[BlackElo "1545"]
[PlyCount "71"]
[EventDate "2014.07.31"]
[EventType "swiss"]
[EventRounds "7"]
[EventCountry "GER"]
[SourceTitle "EXT 2015"]
[Source "ChessBase"]
[SourceDate "2014.11.20"]
[SourceVersion "1"]
[SourceVersionDate "2014.11.20"]
[SourceQuality "1"]

1. d4 c5 2. e3 d5 3. Nf3 e6 4. c3 Nc6 5. Bd3 Nf6 6. Nbd2 c4 7. Bc2 a6 8. 0-0 Be7 9. Qe2 b5 10. e4 0-0 11. e5 Ne8 12. h3 Bd7 13. Nh2 g6 14. f4 Ng7 15. Ndf3 Re8 16. Ng4 Rf8 17. Nh6+ Kh8 18. Ng5 Be8 19. g4 a5 20. h4 Qc8 21. h5 a4 22. hxg6 fxg6 23. Qh2 Bxg5 24. fxg5 Rxf1+ 25. Kxf1 Qd7 26. Ke2 b4 27. Bd2 b3 28. Rf1 Qe7 29. axb3 axb3 30. Bb1 Rb8 31. Rh1 Nh5 32. gxh5 gxh5 33. Qf2 Ra8 34. Rf1 Kg7 35. Qf6+ Qxf6 36. gxf6+ 1-0

[Event "Hessen-chB"]
[Site "Offenbach"]
[Date "2012.04.06"]
[Round "5"]
[White "Libuda, Thomas"]
[Black "Strobel, Sebastian"]
[Result "1-0"]
[WhiteElo "1930"]
[BlackElo "1439"]
[PlyCount "61"]
[EventDate "2012.04.05"]
[EventType "swiss"]
[EventRounds "7"]
[EventCountry "GER"]
[SourceTitle "EXT 2013"]
[Source "ChessBase"]
[SourceDate "2012.11.22"]
[SourceVersion "1"]
[SourceVersionDate "2012.11.22"]
[SourceQuality "1"]

1. d4 d5 2. Nf3 e6 3. e3 Nf6 4. Bd3 Nbd7 5. Nbd2 c5 6. c3 Bd6 7. 0-0 0-0 8. Qe2 Re8 9. e4 e5 10. dxe5 Nxe5 11. Nxe5 Bxe5 12. f4 dxe4 13. Bb5 Bg4 14. Qe1 Bd4+ 15. cxd4 Qxd4+ 16. Kh1 Re7 17. Nb3 Qd5 18. Be3 c4 19. Nd4 Rd8 20. Rc1 c3 21. Qxc3 a6 22. Qb4 Bd7 23. Bc4 Qh5 24. Qxe7 Re8 25. Bxf7+ Qxf7 26. Qxf7+ Kxf7 27. Rc7 Ke7 28. Rxb7 Ng4 29. Nf5+ Kd8 30. Rd1 Kc8 31. Rdxd7 1-0

[Event "Hessen-chB"]
[Site "Offenbach"]
[Date "2012.04.05"]
[Round "1"]
[White "Libuda, Thomas"]
[Black "Vu, Quan"]
[Result "1-0"]
[WhiteElo "1930"]
[BlackElo "1100"]
[PlyCount "107"]
[EventDate "2012.04.05"]
[EventType "swiss"]
[EventRounds "7"]
[EventCountry "GER"]
[SourceTitle "EXT 2013"]
[Source "ChessBase"]
[SourceDate "2012.11.22"]
[SourceVersion "1"]
[SourceVersionDate "2012.11.22"]
[SourceQuality "1"]

1. d4 d5 2. Nf3 Nc6 3. e3 Bg4 4. Nbd2 Nf6 5. c3 Ne4 6. Bd3 Nxd2 7. Bxd2 e5 8. Qb3 e4 9. Qxb7 Ne7 10. Bb5+ c6 11. Bxc6+ Nxc6 12. Qxc6+ Bd7 13. Qxd5 exf3 14. Qxf3 Rb8 15. b3 Qa5 16. Qg3 Rxb3 17. 0-0 Rb6 18. Rfd1 Qa6 19. a4 Rg6 20. Qb8+ Bc8 21. Qb5+ Bd7 22. Qxa6 Rxa6 23. Rdb1 Bd6 24. c4 0-0 25. c5 Bb8 26. a5 Rg6 27. Rb2 Bc6 28. g3 Bc7 29. Rab1 Bd8 30. f4 Be4 31. Rc1 Ra6 32. g4 Bxa5 33. Bxa5 Rxa5 34. c6 Ra6 35. c7 Rc6 36. Rxc6 Bxc6 37. Ra2 Bd7 38. Rxa7 Bxg4 39. d5 Bf3 40. d6 Bc6 41. Ra6 Bd7 42. Rb6 h6 43. Kf2 f5 44. Rb8 Kf7 45. Rd8 Be6 46. d7 Ke7 47. Rxf8 Bxd7 48. c8Q Bxc8 49. Rxc8 Kf6 50. h4 Kg6 51. Rf8 h5 52. Kf3 Kh6 53. Rxf5 g6 54. Ra5 1-0

[Event "Karl Mala Memorial op 14th"]
[Site "Frankfurt"]
[Date "2011.07.08"]
[Round "2"]
[White "Libuda, Thomas"]
[Black "Chandler, Patrick"]
[Result "1/2-1/2"]
[WhiteElo "1963"]
[BlackElo "2206"]
[PlyCount "66"]
[EventDate "2011.07.07"]
[EventType "swiss"]
[EventRounds "7"]
[EventCountry "GER"]
[SourceTitle "EXT 2012"]
[Source "ChessBase"]
[SourceDate "2011.11.24"]
[SourceVersion "1"]
[SourceVersionDate "2011.11.24"]
[SourceQuality "1"]

1. d4 Nf6 2. c4 e6 3. g3 d5 4. Bg2 c6 5. Nf3 Nbd7 6. Nbd2 Bd6 7. 0-0 b5 8. cxb5 cxb5 9. b4 Nb6 10. Ne5 0-0 11. a4 bxa4 12. Ba3 Ba6 13. Re1 Bb5 14. e4 Be7 15. Ng4 Nxe4 16. Nxe4 dxe4 17. Bxe4 Rc8 18. Ne5 Nd5 19. Qf3 Rc3 20. Qh5 Nf6 21. Qh4 Nxe4 22. Qxe4 Rxa3 23. Rxa3 Bxb4 24. Qb7 Bxe1 25. Qxb5 Qxd4 26. Rf3 a6 27. Qe2 Qd2 28. Qe4 a3 29. Nxf7 Qd5 30. Nh6+ gxh6 31. Qg4+ Qg5 32. Qxe6+ Kg7 33. Qd7+ Kg8 1/2-1/2

[Event "Rhein Main op-B 14th"]
[Site "Bad Homburg"]
[Date "2011.06.26"]
[Round "7"]
[White "Varma, Christopher"]
[Black "Libuda, Thomas"]
[Result "1-0"]
[WhiteElo "1448"]
[BlackElo "1963"]
[PlyCount "87"]
[EventDate "2011.06.22"]
[EventType "swiss"]
[EventRounds "7"]
[EventCountry "GER"]
[SourceTitle "EXT 2012"]
[Source "ChessBase"]
[SourceDate "2011.11.24"]
[SourceVersion "1"]
[SourceVersionDate "2011.11.24"]
[SourceQuality "1"]

1. e4 g6 2. d4 Bg7 3. Nf3 d6 4. Bc4 Nf6 5. Nc3 0-0 6. h3 Nxe4 7. Bxf7+ Rxf7 8. Nxe4 h6 9. Be3 d5 10. Ng3 Nd7 11. Qd2 Kh7 12. 0-0-0 c6 13. h4 Qf8 14. Ng5+ hxg5 15. hxg5+ Kg8 16. Qd3 Rf5 17. Nxf5 Qxf5 18. Qa3 Qf7 19. Bd2 Nb6 20. Rde1 e5 21. dxe5 Nc4 22. Qg3 Bf5 23. Bb4 a5 24. Bc3 b5 25. b3 Na3 26. Re2 Qe6 27. Bd4 a4 28. b4 Nc4 29. a3 Re8 30. f4 Bg4 31. Ree1 Rf8 32. Bc5 Re8 33. Rh4 Bf5 34. Qc3 Kf7 35. Reh1 Be4 36. R1h2 Qf5 37. Kb1 Rxe5 38. fxe5 Qf1+ 39. Ka2 Bxe5 40. Rh7+ Ke6 41. Re7+ Kf5 42. Qh3+ Kf4 43. Qh4+ Kf5 44. g4+ 1-0

[Event "Rhein Main op-B 14th"]
[Site "Bad Homburg"]
[Date "2011.06.25"]
[Round "5"]
[White "Droeser, Wolfgang"]
[Black "Libuda, Thomas"]
[Result "0-1"]
[WhiteElo "1188"]
[BlackElo "1963"]
[PlyCount "82"]
[EventDate "2011.06.22"]
[EventType "swiss"]
[EventRounds "7"]
[EventCountry "GER"]
[SourceTitle "EXT 2012"]
[Source "ChessBase"]
[SourceDate "2011.11.24"]
[SourceVersion "1"]
[SourceVersionDate "2011.11.24"]
[SourceQuality "1"]

1. f4 b6 2. Nf3 Bb7 3. e3 e6 4. b3 Nf6 5. Nc3 d5 6. d4 Nbd7 7. Bd3 Bb4 8. Bd2 Qe7 9. 0-0 Ne4 10. Qe1 Nxd2 11. Qxd2 Nf6 12. Qe1 Ne4 13. Bxe4 dxe4 14. Nh4 Bxc3 15. Qxc3 Qxh4 16. Qxc7 Qe7 17. Qe5 0-0 18. f5 Qg5 19. Rae1 Rad8 20. Rf4 exf5 21. h4 Qg3 22. Re2 Bc8 23. c3 f6 24. Qb5 g5 25. Qc4+ Kh8 26. hxg5 fxg5 27. Rff2 Qd6 28. g3 b5 29. Qb4 Qxb4 30. cxb4 f4 31. exf4 Rxd4 32. Kg2 gxf4 33. gxf4 Rg8+ 34. Kh2 Rd6 35. Rg2 Rxg2+ 36. Kxg2 Kg7 37. Rc2 Bf5 38. Rc7+ Rd7 39. Rc2 e3 40. Re2 Rd2 41. Kf3 Bg4+ 0-1

[Event "Rhein Main op-B 14th"]
[Site "Bad Homburg"]
[Date "2011.06.25"]
[Round "6"]
[White "Libuda, Thomas"]
[Black "Urban, Thomas"]
[Result "1-0"]
[WhiteElo "1963"]
[BlackElo "1442"]
[PlyCount "85"]
[EventDate "2011.06.22"]
[EventType "swiss"]
[EventRounds "7"]
[EventCountry "GER"]
[SourceTitle "EXT 2012"]
[Source "ChessBase"]
[SourceDate "2011.11.24"]
[SourceVersion "1"]
[SourceVersionDate "2011.11.24"]
[SourceQuality "1"]

1. d4 d5 2. Nf3 e6 3. e3 Nf6 4. Bd3 Bd6 5. Nbd2 Nbd7 6. 0-0 0-0 7. Qe2 Re8 8. e4 dxe4 9. Nxe4 Nxe4 10. Qxe4 Nf6 11. Qh4 h6 12. Bxh6 gxh6 13. Qxh6 Bf8 14. Qh4 Bg7 15. Rad1 Kf8 16. Ng5 Ke7 17. Qg3 Nd5 18. c3 Rh8 19. Nxe6 Bxe6 20. Qxg7 Qd6 21. Qg5+ Nf6 22. f4 Rag8 23. Qc5 Ng4 24. f5 Bxa2 25. Rfe1+ Kd7 26. h3 Nf6 27. Qxa7 Bd5 28. Bb5+ c6 29. Qxb7+ Qc7 30. Re7+ Kxe7 31. Qxc7+ Kf8 32. Qd6+ Kg7 33. Bxc6 Ne8 34. Qe5+ f6 35. Qe7+ Bf7 36. Rd3 Rh5 37. Rg3+ Rg5 38. Rxg5+ fxg5 39. Bd5 Rf8 40. Qxg5+ Kh8 41. Qh6+ Kg8 42. Qg6+ Ng7 43. f6 1-0

[Event "Rhein Main op-B 14th"]
[Site "Bad Homburg"]
[Date "2011.06.23"]
[Round "2"]
[White "Libuda, Thomas"]
[Black "Leopold, Dieter"]
[Result "0-1"]
[WhiteElo "1963"]
[BlackElo "1755"]
[PlyCount "58"]
[EventDate "2011.06.22"]
[EventType "swiss"]
[EventRounds "7"]
[EventCountry "GER"]
[SourceTitle "EXT 2012"]
[Source "ChessBase"]
[SourceDate "2011.11.24"]
[SourceVersion "1"]
[SourceVersionDate "2011.11.24"]
[SourceQuality "1"]

1. d4 Nf6 2. Nf3 e6 3. e3 b6 4. Nbd2 Bb7 5. Bd3 c5 6. 0-0 Be7 7. Qe2 Nc6 8. c3 0-0 9. e4 cxd4 10. Nxd4 d6 11. Rd1 Ne5 12. Bc2 Ng6 13. N2f3 Qc7 14. Bg5 Rfe8 15. Bxf6 gxf6 16. Re1 a6 17. Qe3 Bf8 18. h4 Bg7 19. h5 Ne5 20. Nh2 h6 21. b3 Rac8 22. Rac1 Qxc3 23. Qxc3 Rxc3 24. f4 Rec8 25. f5 Nd3 26. fxe6 fxe6 27. Nhf3 Nxc1 28. Rxc1 e5 29. Nf5 Bf8 0-1

[Event "Rhein Main op-B 14th"]
[Site "Bad Homburg"]
[Date "2011.06.23"]
[Round "3"]
[White "Von Szombathely, Michael"]
[Black "Libuda, Thomas"]
[Result "1-0"]
[WhiteElo "1611"]
[BlackElo "1963"]
[PlyCount "75"]
[EventDate "2011.06.22"]
[EventType "swiss"]
[EventRounds "7"]
[EventCountry "GER"]
[SourceTitle "EXT 2012"]
[Source "ChessBase"]
[SourceDate "2011.11.24"]
[SourceVersion "1"]
[SourceVersionDate "2011.11.24"]
[SourceQuality "1"]

1. e4 d6 2. d4 g6 3. f4 Bg7 4. Nf3 Nf6 5. Bd3 c5 6. d5 Qb6 7. Nbd2 0-0 8. c4 Nh5 9. Nb3 Qd8 10. 0-0 Na6 11. a3 Nc7 12. f5 a5 13. g3 Qe8 14. Ng5 a4 15. Nd2 h6 16. Nh3 Bd7 17. Nf4 Nxf4 18. Rxf4 e5 19. Rf1 b5 20. f6 Bh8 21. Qe2 Qd8 22. cxb5 Bxf6 23. b6 Ne8 24. Nc4 Bg7 25. Rb1 Bb5 26. b4 Bxc4 27. Bxc4 Qxb6 28. Be3 Qc7 29. bxc5 Nf6 30. cxd6 Qxd6 31. Qd3 Nd7 32. Kg2 Rfb8 33. Bd2 Bf8 34. Bb4 Qc7 35. d6 Qb6 36. Qd5 Qb7 37. Qxf7+ Kh8 38. Qg8# 1-0

[Event "Main Vogelsberg op 6th"]
[Site "Hanau"]
[Date "2011.06.05"]
[Round "6"]
[White "Libuda, Thomas"]
[Black "Kempf, Alexander"]
[Result "0-1"]
[WhiteElo "1806"]
[BlackElo "1666"]
[PlyCount "60"]
[EventDate "2011.06.02"]
[EventType "swiss"]
[EventRounds "7"]
[EventCountry "GER"]
[SourceTitle "CBM 142 Extra"]
[Source "ChessBase"]
[SourceDate "2011.06.27"]
[SourceVersion "1"]
[SourceVersionDate "2011.06.27"]
[SourceQuality "1"]

1. d4 d5 2. Nf3 c6 3. Bf4 e6 4. e3 Nf6 5. h3 Bd6 6. Ne5 Qc7 7. Nd2 Nbd7 8. Nxd7 Bxd7 9. Bxd6 Qxd6 10. c3 0-0 11. Bd3 e5 12. dxe5 Qxe5 13. 0-0 Kh8 14. Nf3 Qc7 15. Ng5 h6 16. Nf3 Rad8 17. Qa4 a5 18. Qh4 Rfe8 19. g4 Ne4 20. Rfd1 Qd6 21. Bxe4 Rxe4 22. Qxd8+ Kh7 23. Qxa5 Bxg4 24. hxg4 Rxg4+ 25. Kh1 Qg6 26. Rd4 Qh5+ 27. Nh2 Rg5 28. Qa4 Qh3 29. Qc2+ f5 30. Qe2 Qg2# 0-1

[Event "Main Vogelsberg op 6th"]
[Site "Hanau"]
[Date "2011.06.04"]
[Round "4"]
[White "Libuda, Thomas"]
[Black "Goebel, Martin"]
[Result "1-0"]
[WhiteElo "1806"]
[BlackElo "1490"]
[PlyCount "105"]
[EventDate "2011.06.02"]
[EventType "swiss"]
[EventRounds "7"]
[EventCountry "GER"]
[SourceTitle "CBM 142 Extra"]
[Source "ChessBase"]
[SourceDate "2011.06.27"]
[SourceVersion "1"]
[SourceVersionDate "2011.06.27"]
[SourceQuality "1"]

1. d4 d6 2. Nf3 c6 3. Bf4 g6 4. e3 Nf6 5. h3 Bg7 6. Be2 Nbd7 7. Nbd2 b6 8. 0-0 0-0 9. c3 Bb7 10. a4 Qc7 11. Bh2 Rfe8 12. Re1 Rad8 13. Qc2 c5 14. Qb3 e6 15. Qa3 a6 16. Nc4 e5 17. dxe5 Nxe5 18. Nfxe5 dxe5 19. Qb3 Qc6 20. Bf3 e4 21. Be2 Re6 22. Red1 Rxd1+ 23. Rxd1 Nd5 24. Na3 Re7 25. Bc4 Rd7 26. Bg3 h6 27. Bxd5 Rxd5 28. Rxd5 Qxd5 29. Qxb6 Qc6 30. Qb3 Qd5 31. Qc2 Qd3 32. Qxd3 exd3 33. Kf1 Bc6 34. Bd6 Bxa4 35. Ke1 Bf8 36. Bxf8 Kxf8 37. Kd2 Ke7 38. Kxd3 Bb5+ 39. Nxb5 axb5 40. b4 c4+ 41. Kd4 Kd6 42. g4 f6 43. h4 g5 44. hxg5 hxg5 45. f4 f5 46. fxg5 fxg4 47. Ke4 g3 48. Kf3 g2 49. Kxg2 Ke5 50. g6 Kf6 51. Kf3 Kxg6 52. Ke4 Kf6 53. Kd5 1-0

[Event "Main Vogelsberg op 4th"]
[Site "Heusenstamm"]
[Date "2009.05.03"]
[Round "7"]
[White "Schreiner, Roland"]
[Black "Libuda, Thomas"]
[Result "1-0"]
[WhiteElo "2153"]
[BlackElo "1973"]
[PlyCount "61"]
[EventDate "2009.04.30"]
[EventType "swiss"]
[EventRounds "7"]
[EventCountry "GER"]
[SourceTitle "CBM 130 Extra"]
[Source "ChessBase"]
[SourceDate "2009.07.02"]
[SourceVersion "2"]
[SourceVersionDate "2009.07.15"]
[SourceQuality "1"]

1. d4 g6 2. c4 Bg7 3. Nf3 d6 4. Nc3 Bg4 5. e3 Nd7 6. Be2 e5 7. h3 Bxf3 8. Bxf3 c6 9. b3 Ne7 10. 0-0 f5 11. dxe5 dxe5 12. e4 0-0 13. Ba3 Rf7 14. Qc2 Nf6 15. Rad1 Qc8 16. Bd6 Nxe4 17. Bxe4 fxe4 18. Nxe4 Nf5 19. c5 Nd4 20. Qc4 Qf5 21. Ng3 Qg5 22. Rd3 Rd8 23. f4 exf4 24. Rxf4 Rdd7 25. Re3 Qd5 26. Re8+ Bf8 27. Rxf8+ Rxf8 28. Rxf8+ Kg7 29. Qxd5 cxd5 30. Rf2 Nxb3 31. axb3 1-0

[Event "Hessen-ch Gr-C"]
[Site "Idstein"]
[Date "2009.04.08"]
[Round "1"]
[White "Libuda, Thomas"]
[Black "Schwarz, Eduard"]
[Result "0-1"]
[WhiteElo "1973"]
[BlackElo "1846"]
[PlyCount "64"]
[EventDate "2009.04.08"]
[EventType "swiss"]
[EventRounds "7"]
[EventCountry "GER"]
[SourceTitle "EXT 2010"]
[Source "ChessBase"]
[SourceDate "2010.11.25"]
[SourceVersion "1"]
[SourceVersionDate "2010.11.25"]
[SourceQuality "1"]

1. d4 Nf6 2. Nf3 e6 3. e3 b6 4. Nbd2 Bb7 5. Bd3 d5 6. 0-0 c5 7. c3 Nbd7 8. Qe2 Bd6 9. a3 Ne4 10. Re1 0-0 11. Nf1 Qc7 12. N3d2 e5 13. Nxe4 dxe4 14. Bc2 Rac8 15. dxc5 Nxc5 16. Ng3 Qc6 17. Qg4 Rfd8 18. h4 Bf8 19. a4 a5 20. h5 Rc7 21. Nf5 Bc8 22. Qg5 f6 23. Qg4 Qe6 24. Rd1 Rxd1+ 25. Qxd1 Qxf5 26. b4 Nd3 27. Bxd3 exd3 28. Bd2 axb4 29. cxb4 Rc2 30. Rc1 Bxb4 31. g4 Rxc1 32. Qxc1 Qxg4+ 0-1

[Event "Hessen-ch Gr-D 62nd"]
[Site "Hanau"]
[Date "2008.03.23"]
[Round "5"]
[White "Heckwolf, Thomas"]
[Black "Libuda, Thomas"]
[Result "1/2-1/2"]
[WhiteElo "1513"]
[BlackElo "1984"]
[PlyCount "30"]
[EventDate "2008.03.21"]
[EventType "swiss"]
[EventRounds "5"]
[EventCountry "GER"]
[SourceTitle "CBM 123 Extra"]
[Source "ChessBase"]
[SourceDate "2008.05.06"]
[SourceVersion "1"]
[SourceVersionDate "2008.05.06"]
[SourceQuality "1"]

1. e4 g6 2. Nc3 Bg7 3. d4 d6 4. Nf3 Nf6 5. Be3 0-0 6. Bc4 Nxe4 7. Bxf7+ Rxf7 8. Nxe4 Bg4 9. Neg5 Bxf3 10. Nxf7 Bxd1 11. Nxd8 Bxc2 12. Ne6 Na6 13. 0-0 Bf5 14. Nxg7 Kxg7 15. Rac1 b6 1/2-1/2

[Event "Main Vogelsberg op 2nd"]
[Site "Grossauheim"]
[Date "2007.06.10"]
[Round "7"]
[White "Kempf, Alexander"]
[Black "Libuda, Thomas"]
[Result "0-1"]
[WhiteElo "1198"]
[BlackElo "1667"]
[PlyCount "58"]
[EventDate "2007.06.07"]
[EventType "swiss"]
[EventRounds "7"]
[EventCountry "GER"]
[SourceTitle "EXT 2008"]
[Source "ChessBase"]
[SourceDate "2007.11.25"]
[SourceVersion "1"]
[SourceVersionDate "2007.11.25"]
[SourceQuality "1"]

1. e4 g6 2. d4 Bg7 3. Nf3 d6 4. c4 Nc6 5. Be2 e5 6. Be3 f5 7. d5 Nce7 8. Nc3 Nf6 9. Qc2 0-0 10. c5 fxe4 11. Ng5 Ng4 12. Ngxe4 Nxe3 13. fxe3 Nf5 14. Qd3 Bh6 15. Nd1 dxc5 16. Nxc5 Qh4+ 17. Kd2 Qb4+ 18. Qc3 Qd4+ 19. Qxd4 exd4 20. Kd3 b6 21. Nb3 Ba6+ 22. Kd2 Bxe2 23. Kxe2 Rae8 24. Rf1 Nxe3 25. Rxf8+ Bxf8 26. Rc1 Nxd5+ 27. Kf3 c5 28. a4 a5 29. Nf2 Re3+ 0-1

[Event "Hessen-ch qual-C"]
[Site "Erlensee"]
[Date "2007.04.06"]
[Round "6"]
[White "Adamczyk, Matthias"]
[Black "Libuda, Thomas"]
[Result "1-0"]
[WhiteElo "1774"]
[BlackElo "2009"]
[PlyCount "87"]
[EventDate "2007.04.04"]
[EventType "swiss"]
[EventRounds "7"]
[EventCountry "GER"]
[SourceTitle "CBM 117 Extra"]
[Source "ChessBase"]
[SourceDate "2007.05.09"]
[SourceVersion "1"]
[SourceVersionDate "2007.05.09"]
[SourceQuality "1"]

1. e4 g6 2. d4 Bg7 3. Nc3 d6 4. Be3 Nc6 5. Bc4 Nf6 6. h3 0-0 7. Nf3 Nxe4 8. Bxf7+ Rxf7 9. Nxe4 e5 10. d5 Ne7 11. Qd2 Nf5 12. 0-0-0 Nxe3 13. Qxe3 Qf8 14. Kb1 Bf5 15. Ng3 Bd7 16. Rd3 Bh6 17. Qe1 a5 18. h4 Bg4 19. h5 gxh5 20. Nxh5 Bxf3 21. gxf3 Rxf3 22. Ng3 Rxd3 23. cxd3 Qf4 24. Qg1 Kh8 25. Qh2 Rf8 26. Qxh6 Qxh6 27. Rxh6 Rxf2 28. Ne4 Kg7 29. Rxh7+ Kxh7 30. Nxf2 Kg6 31. Kc2 Kf7 32. Ne4 Ke7 33. Kb3 c6 34. Nc3 Kd7 35. Ka4 cxd5 36. Nxd5 Kc6 37. Nc3 b6 38. b4 axb4 39. Kxb4 d5 40. a4 e4 41. dxe4 dxe4 42. Nxe4 Kb7 43. Kb5 Ka7 44. Nd6 1-0